La América

Salvato in:
Dettagli Bibliografici
Autore principale: Barra, Miguel de la (Autore)
Natura: Libro
Lingua:spagnolo
Pubblicazione: Santiago Nacional 1864
Edizione:2a. ed
Soggetti:
Tags: Aggiungi Tag
Nessun Tag, puoi essere il primo ad aggiungerne!!

MARC

LEADER 00000nam a2200000 a 4500
001 UCO2714
003 CL-VaPUC
008 000608e18640000CL |||||||||||||||||spa|d
082 0 4 |a 980  |b BAR  |2 21 
100 0 |a Barra, Miguel de la  |e author  |9 446264 
245 1 3 |a La América 
250 |a 2a. ed 
300 |a 247 p 
942 |c BK 
945 |d 20000608 00:00:00  |a rherrera 
260 |a Santiago  |b Nacional  |c 1864 
650 0 |a Historia de América  |9 266076 
650 0 |a Geografía  |9 259346 
650 0 |a Demografía   |9 260008 
650 0 |a América colonial  |9 446254 
650 0 |a Colonias españolas  |9 267778 
650 7 |a COLONIAS INGLESAS  |2 CL-VaPUC  |9 433674 
650 7 |a COLONIAS FRANCESAS  |2 CL-VaPUC  |9 345416 
650 0 |a Independencia Americana  |9 395691 
651 0 |a Venezuela  |9 254993 
651 0 |a Ecuador  |9 258378 
651 0 |a Brasil  |9 267393 
651 0 |a Paraguay  |9 255336 
651 0 |a Uruguay  |9 255194 
583 |a last modification  |c 20000608 00:00:00  |k Rodrigo Vera 
999 |c 289212  |d 289210 
952 |0 0  |1 0  |4 0  |6 980_000000000000000_BAR_1864  |7 0  |8 X  |9 337443  |a BIBHIS  |b BIBHIS  |d 2019-11-20  |i 1286269  |o 980 BAR 1864  |p 1286269  |r 2024-01-30  |w 2019-11-20  |y BK_X  |k HIS